Central Library OPAC University of Rajshahi

Islam : (Record no. 8310)

MARC details
000 -LEADER
fixed length control field 00787nam a2200241 a 4500
001 - CONTROL NUMBER
control field 8310
003 - CONTROL NUMBER IDENTIFIER
rucl marc code BD-RjUL
005 - DATE AND TIME OF LATEST TRANSACTION
control field 20211208234549.0
008 - FIXED-LENGTH DATA ELEMENTS--GENERAL INFORMATION
fixed length control field 180114s1920 ii b 000 0 eng d
035 ## - SYSTEM CONTROL NUMBER
System control number (BD-RjUL)8355
040 ## - CATALOGING SOURCE
Original cataloging agency BD-RjUL
Transcribing agency BD-RjUL
Modifying agency BD-RjUL
Language of cataloging eng
041 ## - LANGUAGE CODE
Language code of text/sound track or separate title eng
082 ## - DEWEY DECIMAL CLASSIFICATION NUMBER
Classification number 297
Author mark and year ALI 1920
100 1# - MAIN ENTRY--PERSONAL NAME
Personal name Ali, Muhammad
9 (RLIN) 221752
245 10 - TITLE STATEMENT
Title Islam :
Remainder of title the religion of humanity /
Statement of responsibility, etc. by Muhammad Ali ; with a foreword by Lord Headley.
260 ## - PUBLICATION, DISTRIBUTION, ETC. (IMPRINT)
Place of publication, distribution, etc. Lahore (India) :
Name of publisher, distributor, etc. Ahmadiyya Anjuman Ishaʻat Islam,
Date of publication, distribution, etc. [1920?]
300 ## - PHYSICAL DESCRIPTION
Pagination ii, 22 p. ;
Size 21 cm
500 ## - GENERAL NOTE
General note "Published also under title: Islam; or, The natural religion of man."
504 ## - BIBLIOGRAPHY, ETC. NOTE
Bibliography, etc Includes bibliographies.
650 ## - SUBJECT ADDED ENTRY--TOPICAL TERM
Topical term or geographic name as entry element Islam
9 (RLIN) 221753
700 ## - ADDED ENTRY--PERSONAL NAME
Personal name Headley, Lord, foreworder
942 ## - ADDED ENTRY ELEMENTS (KOHA)
Source of classification or shelving scheme Dewey Decimal Classification
Koha item type Rare Books
Holdings
Lost status Source of classification or shelving scheme Damaged status Not for loan Collection code Permanent Location Current Location Shelving location Date acquired Total Checkouts Full call number Date last seen Copy number Koha item type
  Dewey Decimal Classification   Not For Loan Rare Books Central Library, University of Rajshahi Central Library, University of Rajshahi Rare Book Section 17/07/2018   RA 297 ALI 1920 17/07/2018 C-1 Rare Books